000
00329 a2200157 4500
001
72495
020
_a
8516020967
040
_c
Anchieta - Colégio São Paulo
100
_a
Dumont, Ângela
240
1
0
_a
Matizes
_l
por
245
1
0
_a
Matizes
300
_a
[32]
362
0
_a
2000
650
4
_a
Literatura infantil
942
_c
BK
999
_c
72495
_d
72495